ESSENTIALS OF HUMAN ANATOMY NEUROANATOMY (Record no. 7952)

MARC details
000 -LEADER
fixed length control field 00324nam a2200121Ia 4500
082 ## - DEWEY DECIMAL CLASSIFICATION NUMBER
Classification number 611
Item number H 13 D
100 ## - MAIN ENTRY--PERSONAL NAME
Personal name DATTA, A.K.
245 ## - TITLE STATEMENT
Title ESSENTIALS OF HUMAN ANATOMY NEUROANATOMY
260 ## - PUBLICATION, DISTRIBUTION, ETC. (IMPRINT)
Name of publisher, distributor, etc CURRENT BOOKS INTERNATIONAL KOLKATA
Year of Publication 2013
300 ## - PAGE DESCRIPTION
No. of Pages 322
942 ## - ADDED ENTRY ELEMENTS (KOHA)
Source of classification or shelving scheme Dewey Decimal Classification
Koha item type Books
942 ## - ADDED ENTRY ELEMENTS (KOHA)
-- 2
Holdings
Withdrawn status Lost status Source of classification or shelving scheme Damaged status Not for loan Collection code Home library Current library Date acquired Vendor Name Cost, normal purchase price Volume Information (Serial or Books or Non-Book Material) SGTU Bill Number Total Checkouts Full call number Accession No. (Barcode) Date last seen Bill Date Koha item type Date last borrowed
    Dewey Decimal Classification     AYURVEDA SGT FA-FP Library SGT FA-FP Library 14/09/2015 ABC DELHI 350.00 4 SGTU 5567   611 H 13 D FA2246 14/09/2015 31/03/2015 Books  
    Dewey Decimal Classification     AYURVEDA SGT FA-FP Library SGT FA-FP Library 14/09/2015 ABC DELHI 350.00 4 SGTU 5567   611 H 13 D FA2247 14/09/2015 31/03/2015 Books  
    Dewey Decimal Classification     AYURVEDA SGT FA-FP Library SGT FA-FP Library 14/09/2015 ABC DELHI 350.00 4 SGTU 5567   611 H 13 D FA2248 14/09/2015 31/03/2015 Books  
    Dewey Decimal Classification     AYURVEDA SGT FA-FP Library SGT FA-FP Library 14/09/2015 ABC DELHI 350.00 4 SGTU 5567 3 611 H 13 D FA2249 03/06/2023 31/03/2015 Books 03/06/2023
    Dewey Decimal Classification     AYURVEDA SGT FA-FP Library SGT FA-FP Library 14/09/2015 ABC DELHI 350.00 4 SGTU 5567   611 H 13 D FA2250 14/09/2015 31/03/2015 Books